50 early childhood literacy strategies /

Overview: Pre-service and in-service teachers alike get practical, up-to-date strategies and activities in this easy-to-use, easy-to-understand guide to teaching literacy to three-, four-, and five-year-olds. Readers discover the best picture books and activities to use with children, how to use th...

Full description

Bibliographic Details
Main Author: Beaty, Janice J.
Format: Book
Language:English
Published: Boston : Pearson, [2013]
Edition:3rd ed.
Series:Pearson teaching strategies series.
Subjects:

MARC

Tag First Indicator Second Indicator Subfields
LEADER 00000cam a2200000 a 4500
001 in00002782613
005 20151202171806.0
008 111208s2013 maua b 000 0 eng
010 |a  2011048328 
016 7 |a 015985830  |2 Uk 
019 |a 769420746 
020 |a 9780132690072 
020 |a 0132690071 
029 1 |a AU@  |b 000048208760 
029 1 |a NZ1  |b 14195256 
035 |a (OCoLC)ocn768335693 
035 |a (OCoLC)768335693 
040 |a DLC  |b eng  |c DLC  |d YDX  |d YDXCP  |d BTCTA  |d BWX  |d GZI  |d CDX  |d EDK  |d UKMGB  |d UtOrBLW 
049 |a TXAM 
050 0 0 |a LB1139.5.L35  |b B42 2013 
082 0 0 |a 372.6  |2 23 
100 1 |a Beaty, Janice J. 
245 1 0 |a 50 early childhood literacy strategies /  |c Janice J. Beaty. 
246 3 |a Fifty early childhood literacy strategies 
250 |a 3rd ed. 
264 1 |a Boston :  |b Pearson,  |c [2013] 
264 4 |c ©2013 
300 |a xvii, 164 pages :  |b illustrations ;  |c 28 cm. 
336 |a text  |b txt  |2 rdacontent 
337 |a unmediated  |b n  |2 rdamedia 
338 |a volume  |b nc  |2 rdacarrier 
490 1 |a Pearson teaching strategies series 
504 |a Includes bibliographical references. 
505 0 |a About the author -- Children's picture books -- Educational supply companies -- Preface -- Acknowledgments -- Part 1: Children's Speaking/Listening: -- 1: Emergent literacy -- 2: Speaking words -- 3: Listening with intent -- 4: Listening center -- 5: Talk-rich environment -- 6: Dramatic play -- 7: Dual language learners -- 8: Phonological awareness -- 9: Chanting/singing -- 10: Vocabulary development -- 11: Book read-alouds -- 12: Storytelling -- 13: Story drama -- 14: Puppets -- 15: Assessing speaking progress -- Part 2: Children's Writing: -- 16: Emergent writing -- 17: Writing center -- 18: Environmental print -- 19: Alphabet -- 20: Names -- 21: Taking dictation -- 22: Caption pictures -- 23: Easel painting -- 24: Finger painting -- 25: Chalk -- 26: Shared writing -- 27: Dual language learners' writing -- 28: Invented spelling -- 29: Journals, literature logs -- 30: Messages -- 31: Block building -- 32: Assessing children's writing -- Part 3: Children's Reading: -- 33: Emergent reading -- 34: Book center -- 35: Visual literacy -- 36: Children reading independently -- 37: Computer books -- 38: Shared reading -- 39: Dual language readers -- 40: Big books -- 41: Predictable books -- 42: Song storybooks -- 43: Book characters -- 44: Sound words -- 45: Syllables -- 46: Kindergarten reading -- 47: Literacy bags -- 48: Webs -- 49: Assessing reading progress -- 50: Words, words, words -- Appendix: Websites. 
520 |a Overview: Pre-service and in-service teachers alike get practical, up-to-date strategies and activities in this easy-to-use, easy-to-understand guide to teaching literacy to three-, four-, and five-year-olds. Readers discover the best picture books and activities to use with children, how to use them effectively, and how to ensure that children get the best benefits from their use. The book's unique approach presents the latest information on early literacy teaching strategies in 50 concise chapters divided into three sections: Children's Speaking/Listening, Children's Writing, and Children's Reading. This new edition includes the latest information on working with dual language learners, vocabulary development, and kindergarten reading, as well as practical applications of newly researched findings. Featured are: The latest information on early literacy in an easy-to-use, easy-to-understand format; Clear information on when, how, and with which students to use 50 practical strategies plus background information for creating additional strategies to reinforce each lesson; Guidance on what picture books and activities to use with children, how to use them effectively, and how to ensure that children can benefit from their use; Practical help for working effectively and successfully with dual language learners; New chapters on listening, vocabulary development, using dictation, working effectively with both writing and reading with dual language learners, and understanding kindergarten reading; Content updates include 69 new picture books, new activities in every chapter, 29 new children's artifacts, updated references, and a helpful Appendix of 26 appropriate web sites. 
650 0 |a Language arts (Early childhood) 
650 0 |a Early childhood education  |x Activity programs. 
650 0 |a Picture books for children. 
830 0 |a Pearson teaching strategies series. 
938 |a YBP Library Services  |b YANK  |n 7083815 
938 |a Baker and Taylor  |b BTCP  |n BK0010624072 
938 |a Blackwell Book Service  |b BBUS  |n 7083815 
938 |a Coutts Information Services  |b COUT  |n 18790395 
947 |a A14835938332 
945 |a PromptCat  |b 125042 
946 |a stk 
994 |a 92  |b TXA 
948 |a Cataloged  |b h  |c 2012/12/12  |d c  |e EGrant 
999 |a MARS 
999 f f |s 7f3eb288-ee53-3ca3-a5c5-d2584c7d8e82  |i 407cc860-9fc6-3daa-b41b-a8cb5a1b7345  |t 0 
952 f f |p normal  |a Texas A&M University  |b College Station  |c Sterling C. Evans Library  |d Evans: Library Stacks  |t 0  |e LB1139.5.L35 B42 2013  |h Library of Congress classification  |i unmediated -- volume  |m A14835938332 
998 f f |a LB1139.5.L35 B42 2013  |t 0  |l Evans: Library Stacks